Yuganta: The end of an epoch (Record no. 1394552)

MARC details
000 -LEADER
fixed length control field 00575nam a2200205Ia 4500
005 - DATE AND TIME OF LATEST TRANSACTION
control field 20250508165334.0
008 - FIXED-LENGTH DATA ELEMENTS--GENERAL INFORMATION
fixed length control field 008 250505s9999 xx 000 0 eng d
020 ## - INTERNATIONAL STANDARD BOOK NUMBER
International Standard Book Number 978-93-80607-50-4
037 ## - SOURCE OF ACQUISITION
Stock number TextBook
040 ## - CATALOGING SOURCE
Original cataloging agency FEDL
Language of cataloging eng
Transcribing agency FEDL
041 ## - LANGUAGE CODE
Language code of text/sound track or separate title eng
Source of code eng
084 ## - COLON CLASSIFICATION NUMBER
Classification number 301, KAR/R
Assigning agency FEDL
100 ## - MAIN ENTRY--PERSONAL NAME
Personal name Karve Irawati
9 (RLIN) 135735
245 #0 - TITLE STATEMENT
Title Yuganta: The end of an epoch
260 ## - PUBLICATION, DISTRIBUTION, ETC.
Place of publication, distribution, etc. Hyderabad, India
Name of publisher, distributor, etc. Orient Blackswan Private Limited
Date of publication, distribution, etc. 2008
300 ## - PHYSICAL DESCRIPTION
Extent xxi, 200p.
365 ## - TRADE PRICE
Price type code INR
Price amount 395
942 ## - ADDED ENTRY ELEMENTS (KOHA)
Koha item type Textbook
Classification part 301, KAR/R
Holdings
Withdrawn status Lost status Damaged status Not for loan Home library Current library Date acquired Cost, normal purchase price Total Checkouts Full call number Barcode Date due Date last seen Date last checked out Price effective from Koha item type
        Department of Education Library Department of Education Library 2025-05-08 395.00 2 301, KAR/R EL0088191 2026-03-05 2026-02-26 2026-02-26 2025-05-08 Textbook
Copyright @ Delhi University Library System